000 00273nam a2200109Ia 4500
008 200302s9999 xx 000 0 und d
100 _aJohn Thackara
245 _aErnst Neufert Architects' Data 2nd ed.,
260 _bGranada Publishing Co.,
260 _c1980
300 _a433 P.,
999 _c38
_d38